Contrato e Teoria do Adimplemento Substancial

Bibliographic Details
Main Author: Amaral, Luiz Fernando
Format: eBook
Language:Portuguese
Published: San Pablo: Editora Foco, 2019
Subjects:
Online Access:Acceso restringido

MARC

LEADER 00000nam a22000007a 4500
005 2021090705405.0
007 cr|||| ||||
008 210907s2019 br |||||s|||| 00||0 por d
020 |a 978-65-5515-102-2 
035 |a 35144 
040 |a vLex 
090 |c 12278  |d 12278 
100 1 |a Amaral, Luiz Fernando 
245 1 0 |a  Contrato e Teoria do Adimplemento Substancial  |h [Recurso electrn̤ico] /  |c Luiz Fernando Amaral 
256 |a Servicio en ln̕ea 
260 |a San Pablo:  |b Editora Foco,  |c 2019 
300 |a 1 recurso electrn̤ico 
506 1 |a Disponible solo en los productos indicados  |d vLex Global  |d vLex Global (Academic Edition, excluding Law Schools)  |d vLex Global (U.S. Academic Edition, Law Schools)  |d vLex Global (U.S. Academic Edition, excluding Law Schools)  |d vLex Global (Academic Edition, Law Schools) 
650 0 4 |a Derecho Civil  |z Brasil 
650 0 4 |a Derecho Constitucional  |z Brasil 
740 0 |a vLex Libros (Servicio en ln̕ea) 
856 4 0 |u https://app.vlex.com/#/sources/35144  |z Acceso restringido 
942 |c BOOK 
999 0 |a Civil Law 
999 0 |a Constitutional Law